000
00342nam a2200133Ia 4500
008
151001s9999||||xx |||||||||||||| ||und||
100
_a
मुक्ता केणेकर
245
_a
कवीची करामत
250
_a
1
260
_b
वोरा अड कंपनी
260
_c
1971
300
_a
103
365
_b
7
999
_c
955282
_d
955279